| Tag |
First Indicator |
Second Indicator |
Subfields |
| LEADER |
00000cas a2200000M 4500 |
| 001 |
in00002394513 |
| 005 |
20151109080031.0 |
| 008 |
960131d19411942nyuuu p 0 0eng d |
| 035 |
|
|
|a (OCoLC)ocn191711225
|
| 035 |
|
|
|a (OCoLC)191711225
|
| 040 |
|
|
|a CGU
|c CGU
|d TXA
|d UtOrBLW
|
| 041 |
0 |
|
|a eng
|
| 049 |
|
|
|a TXAM
|
| 090 |
|
|
|a AP2
|b .D425
|
| 130 |
0 |
|
|a Decision (New York, N.Y.)
|
| 245 |
1 |
0 |
|a Decision ;
|b a review of free culture ...
|
| 246 |
1 |
0 |
|a Decision
|
| 264 |
|
1 |
|a [New York],
|b [publisher not identified] ;
|c [1941-42]
|
| 300 |
|
|
|a 3 volumes in 1.
|
| 336 |
|
|
|a text
|b txt
|2 rdacontent
|
| 337 |
|
|
|a unmediated
|b n
|2 rdamedia
|
| 338 |
|
|
|a volume
|b nc
|2 rdacarrier
|
| 362 |
0 |
|
|a v. 1-3, no. 1/2; Jan. 1941-Jan./Feb. 1942.
|
| 650 |
|
0 |
|a Books
|v Reviews
|v Periodicals.
|
| 650 |
|
0 |
|a Theater
|v Reviews
|x Periodicals.
|
| 650 |
|
0 |
|a Motion pictures
|v Reviews
|v Periodicals.
|
| 994 |
|
|
|a C0
|b TXA
|
| 999 |
|
|
|a MARS
|
| 999 |
f |
f |
|s a89b7abe-c960-3fae-9a2f-5e3097ad2404
|i e880dd0d-ea9d-3e4f-9a13-be9b8e34e30e
|t 0
|
| 952 |
f |
f |
|p noncirc
|a Texas A&M University
|b College Station
|c Cushing Memorial Library & Archives
|d Cushing: Literature/Auden (Does not check out)
|t 0
|e AP2 .D425
|h Library of Congress classification
|i unmediated -- volume
|k v.1:no.4
|l 1941:Apr.
|m A14851946419
|
| 952 |
f |
f |
|p noncirc
|a Texas A&M University
|b College Station
|c Cushing Memorial Library & Archives
|d Cushing: Literature/Maugham (Does not check out)
|t 0
|e AP2 .D425
|h Library of Congress classification
|i unmediated -- volume
|m A14851946427
|
| 952 |
f |
f |
|p noncirc
|a Texas A&M University
|b College Station
|c Cushing Memorial Library & Archives
|d Cushing: Literature/Auden (Does not check out)
|t 0
|e AP2 .D425
|h Library of Congress classification
|i unmediated -- volume
|k v.1:no.1
|l 1941:Jan.
|m A14851946435
|
| 998 |
f |
f |
|a AP2 .D425
|s v.1:no.4 (1941:Apr.),
|t 0
|l Cushing: Literature/Auden (Does not check out)
|
| 998 |
f |
f |
|a AP2 .D425
|s v.1:no.2 (1941:Feb.)
|t 0
|l Cushing: Literature/Maugham (Does not check out)
|